00325 a2200109 4500001000700000020000600007040001100013100003700024240007500061245007000136362000900206169199 a  cMagnum aScoz, Beatriz Judith Lima Et Al.10aPsicopedagogia: contextualizacao, formacao e atuacao profissionallpor10aPsicopedagogia: contextualizacao, formacao e atuacao profissional0 a1899